[Event "Vojvodina-chT 21st"]
[Site "Backa Palanka"]
[Date "2021.10.27"]
[Round "7.2"]
[White "Stankovic, Milos M"]
[Black "Brajic, Djordje"]
[Result "1/2-1/2"]
[WhiteElo "2201"]
[BlackElo "2179"]
[PlyCount "123"]
[EventDate "2021.10.23"]
[EventType "team-tourn"]
[EventRounds "11"]
[EventCountry "SRB"]
[SourceTitle "CBM 204 Extra"]
[Source "ChessBase"]
[SourceDate "2021.11.30"]
[SourceVersion "1"]
[SourceVersionDate "2021.11.30"]
[SourceQuality "1"]
[WhiteTeam "Backa Palanka"]
[BlackTeam "Krajisnik Krajina"]
[WhiteTeamCountry "SRB"]
[BlackTeamCountry "SRB"]

1. d4 e6 2. c4 f5 3. g3 Nf6 4. Bg2 Be7 5. Nc3 0-0 6. Nf3 d5 7. 0-0 Nbd7 8. Bf4 a6 9. Qc2 Nb6 10. c5 Nc4 11. Ne5 Nxe5 12. Bxe5 Ng4 13. Nd1 Bd7 14. f4 g5 15. h3 Nxe5 16. fxe5 Be8 17. g4 Bg6 18. gxf5 Rxf5 19. Rxf5 Bxf5 20. Qb3 b6 21. cxb6 Rb8 22. bxc7 Qxc7 23. Qe3 Rb4 24. Rc1 Qb6 25. Rc8+ Kg7 26. a3 Rxd4 27. Kh2 Qb7 28. Qxd4 Qxc8 29. Ne3 Bg6 30. b4 h5 31. Qb6 Bd8 32. Qd6 Bf7 33. Kh1 Qc1+ 34. Nf1 Qc8 35. e4 Bc7 36. Qe7 Qd8 37. Qxd8 Bxd8 38. exd5 exd5 39. Ne3 d4 40. Nf5+ Kf8 41. Nxd4 Bb6 42. Nf5 Be6 43. Ng3 Bd4 44. Nxh5 Bxe5 45. Kg1 g4 46. hxg4 Bxg4 47. Bf1 a5 48. bxa5 Bxh5 49. a6 Ke7 50. Kh1 Bd4 51. Bg2 Kd6 52. Bb7 Ke5 53. Kg2 Kf4 54. a4 Be2 55. a5 Ke3 56. a7 Bxa7 57. a6 Kf4 58. Bc6 Bxa6 59. Bd5 Ke3 60. Bc6 Bb8 61. Bd5 Ke2 62. Bc6 1/2-1/2

[Event "Vojvodina-chT"]
[Site "Kac"]
[Date "2014.11.12"]
[Round "7.6"]
[White "Vucinic, Gojko"]
[Black "Brajic, Djordje"]
[Result "1-0"]
[WhiteElo "2296"]
[BlackElo "2267"]
[PlyCount "67"]
[EventDate "2014.11.08"]
[EventType "team-tourn"]
[EventRounds "11"]
[EventCountry "SRB"]
[SourceTitle "EXT 2017"]
[Source "ChessBase"]
[SourceDate "2016.10.25"]
[SourceVersion "1"]
[SourceVersionDate "2016.10.25"]
[SourceQuality "1"]

1. e4 e5 2. Nf3 Nc6 3. Bc4 Nf6 4. Ng5 d5 5. exd5 Na5 6. Bb5+ c6 7. dxc6 bxc6 8. Bd3 Bc5 9. 0-0 0-0 10. Qf3 Qc7 11. Nc3 Rb8 12. Bf5 Bxf5 13. Qxf5 h6 14. Nge4 Nxe4 15. Nxe4 Be7 16. d3 c5 17. f4 Nc6 18. fxe5 Nd4 19. Qf2 Qxe5 20. c3 Ne6 21. Qf5 Qxf5 22. Rxf5 Rfd8 23. Nf2 g6 24. Re5 Bf6 25. Re4 Kg7 26. Rc4 Rd7 27. b3 Rbd8 28. Be3 Rxd3 29. Nxd3 Rxd3 30. Kf2 Bxc3 31. Rc1 Bf6 32. Ke2 Rd5 33. Bxc5 Bg5 34. R1c2 1-0

[Event "Vojvodina-chT"]
[Site "Sremska Mitrovica"]
[Date "2006.09.23"]
[Round "2"]
[White "Levnajic, Pavle"]
[Black "Brajic, Djordje"]
[Result "1-0"]
[WhiteElo "2251"]
[BlackElo "2257"]
[PlyCount "53"]
[EventDate "2006.09.22"]
[EventType "team"]
[EventRounds "9"]
[EventCountry "YUG"]
[SourceTitle "CBM 114 Extra"]
[Source "ChessBase"]
[SourceDate "2006.11.03"]
[SourceVersion "1"]
[SourceVersionDate "2006.11.03"]
[SourceQuality "1"]

1. Nf3 Nf6 2. d4 e6 3. c4 d5 4. Nc3 c6 5. Bg5 Nbd7 6. cxd5 exd5 7. e3 Bd6 8. Bd3 Qc7 9. Rc1 0-0 10. 0-0 Qa5 11. Qc2 Re8 12. a3 h6 13. Bh4 a6 14. Rfe1 c5 15. dxc5 Qxc5 16. Qa4 Qb6 17. Bxf6 gxf6 18. Nxd5 Qd8 19. Qg4+ Kh8 20. Qh5 Kg7 21. Nh4 Nf8 22. Rxc8 Qxc8 23. Nf5+ Qxf5 24. Bxf5 Be5 25. f4 Bd6 26. Qg4+ Ng6 27. Bxg6 1-0